000
00319nam a2200109Ia 4500
008
200302s9999 xx 000 0 und d
100
_a
Shuzo Murakami & Other
245
_a
Room Air Convection and Ventilation Effectiveness
260
_b
American Society of Heating Refrigerating Inc.
260
_c
1993
300
_a
592 P.,
999
_c
2094
_d
2094